[Event "Dresden Vdes op"]
[Site "Dresden"]
[Date "2000.01.29"]
[Round "7"]
[White "Feiertag, Anton"]
[Black "Sandten, Holger"]
[Result "1/2-1/2"]
[WhiteElo "1670"]
[BlackElo "1383"]
[PlyCount "88"]
[EventDate "2000.01.26"]
[EventType "swiss"]
[EventRounds "7"]
[EventCountry "GER"]
[SourceTitle "EXT 2001"]
[Source "ChessBase"]
[SourceDate "2000.11.22"]
[SourceVersion "1"]
[SourceVersionDate "2000.11.22"]
[SourceQuality "1"]

1. e4 e5 2. Nc3 Nc6 3. Nf3 Nf6 4. d3 Be7 5. Be2 0-0 6. 0-0 d6 7. a3 a5 8. Bg5 Re8 9. h3 Be6 10. Bh4 h6 11. Re1 Qd7 12. Bg3 Nh5 13. Nxe5 Nxe5 14. Bxh5 g6 15. Be2 c5 16. f4 Nc6 17. Rf1 Nd4 18. Bf3 Rf8 19. Ne2 Nxf3+ 20. Rxf3 f5 21. Nc3 Rad8 22. Nd5 Bxd5 23. exd5 Bf6 24. Rb1 Rfe8 25. Bf2 Qa4 26. g3 Bd4 27. Qd2 Bxf2+ 28. Qxf2 Re7 29. Re3 Rde8 30. Rbe1 Rxe3 31. Rxe3 Rxe3 32. Qxe3 Qxc2 33. Qe6+ Kg7 34. Qd7+ Kg8 35. Qc8+ Kf7 36. Qc7+ Ke8 37. Qc8+ Kf7 38. Qe6+ Kg7 39. Qe7+ Kg8 40. Qe8+ Kg7 41. Qd7+ Kg8 42. Qc8+ Kf7 43. Qc7+ Ke8 44. Qb8+ Kf7 1/2-1/2

[Event "Dresden Vdes op"]
[Site "Dresden"]
[Date "2000.01.27"]
[Round "2"]
[White "Schueppen, Heinrich"]
[Black "Sandten, Holger"]
[Result "1/2-1/2"]
[WhiteElo "1655"]
[BlackElo "1383"]
[PlyCount "74"]
[EventDate "2000.01.26"]
[EventType "swiss"]
[EventRounds "7"]
[EventCountry "GER"]
[SourceTitle "EXT 2001"]
[Source "ChessBase"]
[SourceDate "2000.11.22"]
[SourceVersion "1"]
[SourceVersionDate "2000.11.22"]
[SourceQuality "1"]

1. d4 g6 2. Nf3 Bg7 3. Bg5 Nf6 4. Nbd2 b6 5. e4 d6 6. Bd3 Nbd7 7. 0-0 0-0 8. c4 Bb7 9. d5 Nc5 10. Bc2 a5 11. Rb1 Qc8 12. h3 Re8 13. Re1 c6 14. Nb3 cxd5 15. exd5 Na6 16. Nbd2 Nc5 17. b3 Qd7 18. Bxf6 Bxf6 19. Ne4 Nxe4 20. Bxe4 Bg7 21. a4 f5 22. Bc2 e6 23. dxe6 Rxe6 24. Rxe6 Qxe6 25. Nd4 Qe5 26. Nb5 Rd8 27. Qd2 Qc5 28. Re1 Qc6 29. f3 Qd7 30. Qe3 Qc6 31. Qe6+ Kh8 32. Qf7 Rf8 33. Qe7 Qc5+ 34. Kh1 Qf2 35. Nxd6 Bxf3 36. gxf3 Qxf3+ 37. Kh2 Qf2+ 1/2-1/2